LINÁRES - koniec sveta v nás spisovateľ Václav Pankovčín - o dedine, o meste, o živote

Bibliographic Details
Main Authors: Moncmanová, Eva (ain), Pankovčín, Václav, 1968-1999 (Author, uin)
Format: Article
Language:Slovak
PhysicalDescription:Fotogr.
Subjects:

MARC

LEADER 00000nab a2200000 a 4500
001 vtls000647932
003 SK-MaSNL
005 20260302182334.0
008 160314c1998 xo 0 slo
015 |a SNBRA1998/03-05446 
035 |a CLN000000128 
040 |a SNKBUCL  |b slo  |c SNKBUCL  |e AACR2 
041 0 |a slo 
044 |a xo  |c SK 
080 |a 82:929:885.4  |2 UDC-MRF-SK2 
080 |a 885.4:929  |2 UDC-MRF-SK2 
100 1 |a Moncmanová, Eva  |4 ain  |9 890748 
245 1 0 |a LINÁRES - koniec sveta v nás  |b spisovateľ Václav Pankovčín - o dedine, o meste, o živote  |c [zhovárala sa] Eva Moncmanová 
300 |b Fotogr. 
600 1 7 |a Pankovčín, Václav,  |d 1968-1999  |2 snkbucl  |9 13244 
700 1 |a Pankovčín, Václav,  |d 1968-1999  |4 aut  |4 uin  |9 13244 
773 0 |t Roľnícke noviny  |g Č. 50 (13.3.1998) 
773 0 |t [Príl.] Panoráma  |g S. 1-2 
850 |a Slovenská národná knižnica v Martine 
852 |a SNK  |b KIS3GCP 
958 |a SK 
958 |a LX 
958 |a RBX 
999 |c 1417870  |d 1419800